The law on partnerships and private corporations/ (Record no. 3911)

MARC details
000 -LEADER
fixed length control field 00697nam a22002057a 4500
003 - CONTROL NUMBER IDENTIFIER
control field OSt
005 - DATE AND TIME OF LATEST TRANSACTION
control field 20250731022822.0
008 - FIXED-LENGTH DATA ELEMENTS--GENERAL INFORMATION
fixed length control field 250731b |||||||| |||| 00| 0 eng d
020 ## - INTERNATIONAL STANDARD BOOK NUMBER
International Standard Book Number 978-971-23-6454-9
040 ## - CATALOGING SOURCE
Original cataloging agency DWCL-Main lib
Transcribing agency OC
082 ## - DEWEY DECIMAL CLASSIFICATION NUMBER
Classification number Fil. 346.599 D377L 2013
100 ## - MAIN ENTRY--PERSONAL NAME
Personal name De Leon, Hector S.
245 ## - TITLE STATEMENT
Title The law on partnerships and private corporations/
Statement of responsibility, etc. Hector S. De Leon
250 ## - EDITION STATEMENT
Edition statement 2013 edition.
260 ## - PUBLICATION, DISTRIBUTION, ETC.
Place of publication, distribution, etc. Manila, Phils. :
Name of publisher, distributor, etc. Published & distributed by Rex Book Store,
Date of publication, distribution, etc. c2013.
300 ## - PHYSICAL DESCRIPTION
Extent xxvii, 623 pages ;
Dimensions 22 cm.
650 ## - SUBJECT ADDED ENTRY--TOPICAL TERM
Topical term or geographic name entry element 1. Partnerships--Philippines.
650 ## - SUBJECT ADDED ENTRY--TOPICAL TERM
Topical term or geographic name entry element 2. Corporation law--Philippines.
942 ## - ADDED ENTRY ELEMENTS (KOHA)
Source of classification or shelving scheme Dewey Decimal Classification
Koha item type Book-Filipiniana
Edition 2013 edition.
Call number prefix Fil.
Suppress in OPAC No

No items available.